[Event "Poznan op 25th"]
[Site "Poznan"]
[Date "2017.08.26"]
[Round "8"]
[White "Kaluzny, Tomasz"]
[Black "Korpalska, Joanna"]
[Result "1-0"]
[WhiteElo "1890"]
[BlackElo "1733"]
[PlyCount "125"]
[EventDate "2017.08.20"]
[EventType "swiss"]
[EventRounds "9"]
[EventCountry "POL"]
[SourceTitle "CBM 180 Extra"]
[Source "ChessBase"]
[SourceDate "2017.10.06"]
[SourceVersion "1"]
[SourceVersionDate "2017.10.06"]
[SourceQuality "1"]

1. c4 c5 2. Nf3 Nc6 3. d4 cxd4 4. Nxd4 Nf6 5. Nc3 d6 6. g3 Qb6 7. e3 g6 8. Bg2 Bg7 9. 0-0 0-0 10. b3 Bd7 11. Bb2 Ne5 12. Qe2 Rab8 13. Rac1 Rfc8 14. Nf3 Bg4 15. e4 a6 16. Ba1 Qc5 17. Qe3 Nxf3+ 18. Bxf3 Bh3 19. Bg2 Ng4 20. Qe2 Qh5 21. Bxh3 Qxh3 22. f3 Bd4+ 23. Kh1 Nf6 24. Nd5 Nxd5 25. Bxd4 Nb4 26. f4 Nc6 27. Ba1 Qd7 28. f5 f6 29. fxg6 hxg6 30. Qe3 Kg7 31. Rcd1 Qe6 32. Qf4 Ne5 33. Rd5 Rh8 34. Bxe5 dxe5 35. Qf2 Qh3 36. Qg2 Qxg2+ 37. Kxg2 Rhd8 38. Rfd1 Rxd5 39. Rxd5 Kf7 40. b4 Rc8 41. c5 Ke6 42. Kf3 Rh8 43. Rd2 Rc8 44. h4 Rc7 45. g4 Kf7 46. h5 g5 47. Ke3 a5 48. a3 axb4 49. axb4 Rc6 50. Rc2 Ra6 51. Rc3 Ke6 52. b5 Ra8 53. c6 bxc6 54. bxc6 Rc8 55. c7 Kf7 56. Rc5 e6 57. Kd3 f5 58. exf5 exf5 59. gxf5 Kf6 60. Ke4 g4 61. h6 Kf7 62. Rc6 Kg8 63. f6 1-0

[Event "Poznan op 25th"]
[Site "Poznan"]
[Date "2017.08.25"]
[Round "7"]
[White "Korpalska, Joanna"]
[Black "Wilk, Oktawia"]
[Result "1-0"]
[WhiteElo "1733"]
[BlackElo "1848"]
[PlyCount "95"]
[EventDate "2017.08.20"]
[EventType "swiss"]
[EventRounds "9"]
[EventCountry "POL"]
[SourceTitle "CBM 180 Extra"]
[Source "ChessBase"]
[SourceDate "2017.10.06"]
[SourceVersion "1"]
[SourceVersionDate "2017.10.06"]
[SourceQuality "1"]

1. e4 e6 2. d4 d5 3. Nc3 Nf6 4. Bg5 Be7 5. e5 Nfd7 6. h4 Bxg5 7. hxg5 Qxg5 8. Nh3 Qe7 9. Qg4 Rg8 10. Nf4 Nc6 11. 0-0-0 Nf8 12. Bd3 h6 13. Rxh6 gxh6 14. Qxg8 Qg5 15. Qxg5 hxg5 16. Nfe2 Bd7 17. Rh1 Ke7 18. a3 a6 19. Rh6 Rb8 20. Nd1 Na5 21. Ne3 b5 22. b3 Be8 23. Ng4 Nd7 24. Rh5 c5 25. dxc5 Nxc5 26. Bh7 Nd7 27. Rxg5 Rc8 28. Kd2 Nc6 29. f4 b4 30. a4 Nf8 31. Bd3 a5 32. Rg7 Nd7 33. Nh6 Nb6 34. g4 Kf8 35. Rg8+ Ke7 36. g5 d4 37. Bb5 Nd5 38. Bxc6 Rxc6 39. Nxd4 Rc3 40. f5 Nf4 41. f6+ Kd7 42. Rg7 Rg3 43. Nxf7 Rg2+ 44. Ke3 Nh5 45. Rh7 Rg3+ 46. Kf2 Bxf7 47. Rxf7+ Ke8 48. Re7+ 1-0

[Event "Poznan op 25th"]
[Site "Poznan"]
[Date "2017.08.24"]
[Round "6"]
[White "Malyovanyi, Yulian"]
[Black "Korpalska, Joanna"]
[Result "1-0"]
[WhiteElo "2006"]
[BlackElo "1733"]
[PlyCount "103"]
[EventDate "2017.08.20"]
[EventType "swiss"]
[EventRounds "9"]
[EventCountry "POL"]
[SourceTitle "CBM 180 Extra"]
[Source "ChessBase"]
[SourceDate "2017.10.06"]
[SourceVersion "1"]
[SourceVersionDate "2017.10.06"]
[SourceQuality "1"]

1. e4 e5 2. Nf3 Nc6 3. d4 exd4 4. Nxd4 Nf6 5. Nxc6 bxc6 6. e5 Qe7 7. Qe2 Nd5 8. c4 Nb6 9. b3 g6 10. Bb2 Bg7 11. Nd2 0-0 12. 0-0-0 a5 13. f4 a4 14. Ne4 axb3 15. axb3 Qb4 16. Qe3 Re8 17. Qc3 Qxc3+ 18. Nxc3 Bh6 19. g3 Rxe5 20. Nd5 Rxd5 21. cxd5 Nxd5 22. Bc4 Bb7 23. Rhe1 Bg7 24. Bxd5 cxd5 25. Re7 Bc6 26. Rde1 Bxb2+ 27. Kxb2 Rb8 28. Re8+ Rxe8 29. Rxe8+ Kg7 30. Rc8 Kf6 31. Rxc7 Kf5 32. Kc3 Ke4 33. Rc8 d4+ 34. Kd2 d3 35. Re8+ Kd4 36. Re7 Bd5 37. Rxd7 Kc5 38. Rxd5+ Kxd5 39. Kxd3 Kc5 40. Kc3 Kb5 41. b4 Kb6 42. Kc4 Kc6 43. b5+ Kb6 44. Kb4 Kb7 45. Kc5 Kc7 46. b6+ Kb7 47. Kb5 Kb8 48. Kc6 Kc8 49. h3 h5 50. g4 hxg4 51. hxg4 f5 52. g5 1-0

[Event "Poznan op 25th"]
[Site "Poznan"]
[Date "2017.08.22"]
[Round "4"]
[White "Wasiak, Stanislaw"]
[Black "Korpalska, Joanna"]
[Result "0-1"]
[WhiteElo "1551"]
[BlackElo "1733"]
[PlyCount "84"]
[EventDate "2017.08.20"]
[EventType "swiss"]
[EventRounds "9"]
[EventCountry "POL"]
[SourceTitle "CBM 180 Extra"]
[Source "ChessBase"]
[SourceDate "2017.10.06"]
[SourceVersion "1"]
[SourceVersionDate "2017.10.06"]
[SourceQuality "1"]

1. c4 c5 2. Nc3 Nc6 3. Nf3 e6 4. g3 Nf6 5. Bg2 d5 6. cxd5 exd5 7. 0-0 d4 8. Nb5 Be7 9. e3 0-0 10. exd4 a6 11. Na3 Nxd4 12. Nxd4 Qxd4 13. Nc2 Qd3 14. Re1 Bg4 15. f3 Be6 16. Re3 Qd7 17. f4 Rad8 18. h3 Rfe8 19. d3 Bxh3 20. Bxh3 Qxh3 21. Qf1 Qxf1+ 22. Kxf1 Ng4 23. Re4 Rxd3 24. Ne1 Rxg3 25. Nc2 Nf6 26. Re3 Rxe3 27. Nxe3 Bd6 28. Nc4 Bc7 29. Bd2 h5 30. Re1 Rxe1+ 31. Bxe1 Bxf4 32. Na5 b6 33. Nc4 b5 34. Na5 g5 35. Kg2 Kg7 36. b3 Kg6 37. Nb7 Ne4 38. Kf3 f5 39. Bf2 Nxf2 40. Kxf2 c4 41. Nd8 c3 42. Nc6 c2 0-1

[Event "Poznan op 25th"]
[Site "Poznan"]
[Date "2017.08.20"]
[Round "1"]
[White "Korpalska, Joanna"]
[Black "Niekras, Dawid"]
[Result "0-1"]
[WhiteElo "1733"]
[BlackElo "2277"]
[PlyCount "82"]
[EventDate "2017.08.20"]
[EventType "swiss"]
[EventRounds "9"]
[EventCountry "POL"]
[SourceTitle "CBM 180 Extra"]
[Source "ChessBase"]
[SourceDate "2017.10.06"]
[SourceVersion "1"]
[SourceVersionDate "2017.10.06"]
[SourceQuality "1"]

1. e4 c5 2. Nf3 d6 3. d4 cxd4 4. Nxd4 Nf6 5. Nc3 a6 6. f3 e5 7. Nb3 Be6 8. Be3 Be7 9. Qd2 0-0 10. 0-0-0 a5 11. Bb5 Nbd7 12. Qf2 Rc8 13. g4 Rxc3 14. bxc3 Qc7 15. g5 Nh5 16. Rd3 f5 17. gxf6 Ndxf6 18. Bb6 Qc8 19. Qe3 Nf4 20. Rd2 a4 21. Na5 Nd7 22. Bxd7 Qxd7 23. c4 Bg5 24. Rg1 Bh6 25. Kb1 Ng6 26. Qe2 Bxd2 27. Qxd2 Bxc4 28. Nxc4 Qb5+ 29. Ka1 Qxc4 30. Qxd6 Qxc2 31. Qd5+ Kh8 32. Qxb7 Qc3+ 33. Kb1 a3 34. Ba7 Qxf3 35. Qd5 Qe2 36. Qb3 Qxe4+ 37. Ka1 Qf3 38. Qb4 Rd8 39. Qe1 Rd1+ 40. Qxd1 Qc3+ 41. Kb1 Qb2# 0-1

[Event "POL-chT U19 2nd League"]
[Site "Szczyrk"]
[Date "2014.07.31"]
[Round "9.43"]
[White "Korpalska, Joanna"]
[Black "Czerw, Dawid"]
[Result "0-1"]
[WhiteElo "1695"]
[BlackElo "1993"]
[PlyCount "170"]
[EventDate "2014.07.25"]
[EventType "team-swiss"]
[EventRounds "11"]
[EventCountry "POL"]
[SourceTitle "EXT 2015"]
[Source "ChessBase"]
[SourceDate "2014.11.20"]
[SourceVersion "1"]
[SourceVersionDate "2014.11.20"]
[SourceQuality "1"]
[WhiteTeam "Wroclaw MUKS MDK Srodmiescie U19 II"]
[BlackTeam "Jastrzebie Zdroj Pionier U19"]
[WhiteTeamCountry "POL"]
[BlackTeamCountry "POL"]

1. e4 e6 2. d4 d5 3. Nc3 Bb4 4. e5 b6 5. Qg4 Bf8 6. Bb5+ c6 7. Ba4 Ne7 8. Bg5 Bd7 9. Nge2 h6 10. Bd2 b5 11. Bb3 a5 12. a3 Na6 13. Ng3 g6 14. h4 Qb6 15. Nce2 h5 16. Qf3 Nf5 17. Nxf5 exf5 18. Bg5 Bg7 19. c3 Nc7 20. Nf4 Ne6 21. Nxe6 Bxe6 22. 0-0 Ra7 23. Bc2 0-0 24. Qe3 Kh7 25. Kh1 Qc7 26. Bd3 Qd7 27. Rfe1 Rfa8 28. f3 Rb8 29. Qd2 Rab7 30. b4 Ra7 31. Ra2 Rba8 32. Rea1 Bf8 33. Bb1 Qc7 34. Qb2 Qb6 35. Qd2 Qb8 36. Qb2 Bg7 37. Qd2 Qf8 38. Qe2 Bd7 39. Be3 Qe7 40. g3 f6 41. f4 Bf8 42. Qf2 Qe6 43. Kh2 Be7 44. Qd2 Be8 45. Bd3 Bd8 46. Qf2 Bb6 47. Qd2 Qd7 48. Qf2 Qe7 49. Qd2 Bf7 50. Qf2 Qd8 51. Qd2 Qd7 52. Qf2 fxe5 53. fxe5 Bd8 54. Qd2 Be7 55. Qf2 Be6 56. Qd2 Qd8 57. Qf2 Qf8 58. Qd2 Bd7 59. Bf4 Qf7 60. Be3 Kg8 61. Bf4 Qe6 62. Qe2 Qf7 63. Qd2 Be6 64. Qf2 Qg7 65. Qd2 Kf7 66. Bh6 Qh8 67. Be3 Qd8 68. Qe2 Bd7 69. Qd2 axb4 70. axb4 Rxa2 71. Rxa2 Rxa2 72. Qxa2 Bxh4 73. gxh4 Qxh4+ 74. Kg2 Qg4+ 75. Kh2 f4 76. e6+ Bxe6 77. Qa7+ Kf6 78. Bf2 Qh3+ 79. Kg1 Qxd3 80. Qh7 Qd1+ 81. Kh2 Qe2 82. Qh8+ Kf5 83. Kg1 Kg4 84. Qf6 g5 85. Qg6 h4 0-1

[Event "POL-chT U19 2nd League"]
[Site "Szczyrk"]
[Date "2014.07.29"]
[Round "7.32"]
[White "Kaczkowski, Maciej"]
[Black "Korpalska, Joanna"]
[Result "1-0"]
[WhiteElo "1635"]
[BlackElo "1695"]
[PlyCount "143"]
[EventDate "2014.07.25"]
[EventType "team-swiss"]
[EventRounds "11"]
[EventCountry "POL"]
[SourceTitle "EXT 2015"]
[Source "ChessBase"]
[SourceDate "2014.11.20"]
[SourceVersion "1"]
[SourceVersionDate "2014.11.20"]
[SourceQuality "1"]
[WhiteTeam "Warszawa UKS Czternastka U19"]
[BlackTeam "Wroclaw MUKS MDK Srodmiescie U19 II"]
[WhiteTeamCountry "POL"]
[BlackTeamCountry "POL"]

1. e4 e5 2. Nf3 Nc6 3. Bb5 a6 4. Ba4 Nf6 5. d3 b5 6. Bb3 Bc5 7. 0-0 d6 8. a4 Rb8 9. h3 Bb6 10. Bg5 h6 11. Bh4 g5 12. Bg3 Rg8 13. Kh1 g4 14. hxg4 Bxg4 15. Bh4 Nd4 16. Nbd2 Rg6 17. c3 Nxb3 18. Qxb3 Qd7 19. axb5 axb5 20. Rae1 Nh5 21. d4 Nf4 22. Bg3 Nh5 23. dxe5 Bxf3 24. Nxf3 Nxg3+ 25. fxg3 Rxg3 26. exd6 cxd6 27. e5 dxe5 28. Rxe5+ Kf8 29. Rxb5 Qc7 30. Ne5 Rg7 31. Rxb6 Rxb6 32. Qxb6 Qxe5 33. Qd8+ Qe8 34. Qxe8+ Kxe8 35. Rf6 h5 36. Rf5 Rh7 37. Kh2 Ke7 38. Kg3 Ke6 39. Rg5 f6 40. Rb5 f5 41. c4 Rg7+ 42. Kf3 Rg4 43. b3 Re4 44. Rb8 Kd6 45. Rf8 Re5 46. Rd8+ Kc6 47. Rd5 Re7 48. Rxf5 Rb7 49. Rb5 Rd7 50. Rd5 Rb7 51. Rxh5 Rxb3+ 52. Kg4 Rb4 53. Re5 Rxc4+ 54. Kg5 Rc2 55. g4 Kd6 56. Re4 Rg2 57. Kf5 Rf2+ 58. Kg6 Rg2 59. g5 Kd5 60. Re3 Kd6 61. Kf6 Rf2+ 62. Kg7 Rg2 63. g6 Kd7 64. Kf7 Rf2+ 65. Kg8 Rg2 66. g7 Rh2 67. Re4 Rh3 68. Kf7 Rf3+ 69. Kg6 Rg3+ 70. Kf6 Rf3+ 71. Kg5 Rg3+ 72. Rg4 1-0

[Event "POL-chT3 Dolnoslaskie 1314"]
[Site "Poland"]
[Date "2014.02.02"]
[Round "8.14"]
[White "Szyler, Bartosz"]
[Black "Korpalska, Joanna"]
[Result "0-1"]
[WhiteElo "1783"]
[BlackElo "1688"]
[PlyCount "38"]
[EventDate "2013.10.20"]
[EventType "team-tourn"]
[EventRounds "11"]
[EventCountry "POL"]
[SourceTitle "EXT 2018"]
[Source "ChessBase"]
[SourceDate "2017.10.13"]
[SourceVersion "1"]
[SourceVersionDate "2017.10.13"]
[SourceQuality "1"]
[WhiteTeam "Olawa MGLKS Parnas"]
[BlackTeam "Wroclaw MUKS MDK Srodmiescie"]
[WhiteTeamCountry "POL"]
[BlackTeamCountry "POL"]

1. e4 e5 2. d4 exd4 3. Qxd4 Nc6 4. Qe3 Nf6 5. Nc3 Bb4 6. Bd2 0-0 7. 0-0-0 Re8 8. Bc4 a6 9. Qg3 b5 10. Bb3 Rb8 11. Nf3 Bd6 12. Qh3 b4 13. Ng5 bxc3 14. Nxf7 Rxb3 15. Be3 cxb2+ 16. Kb1 Rxe3 17. Nh6+ gxh6 18. fxe3 Nxe4 19. Qg4+ Qg5 0-1

[Event "Olsztyn op U18 blitz"]
[Site "Olsztyn"]
[Date "2013.08.04"]
[Round "21"]
[White "Korpalska, Joanna"]
[Black "Starczewska, Dominika"]
[Result "0-1"]
[WhiteElo "1680"]
[BlackElo "1680"]
[PlyCount "66"]
[EventDate "2013.08.03"]
[EventType "swiss (blitz)"]
[EventRounds "22"]
[EventCountry "POL"]
[SourceTitle "CBM 155 Extra"]
[Source "ChessBase"]
[SourceDate "2013.08.26"]
[SourceVersion "1"]
[SourceVersionDate "2013.08.26"]
[SourceQuality "1"]

1. e4 c5 2. d4 cxd4 3. c3 d3 4. Bxd3 Nc6 5. c4 d6 6. Nc3 g6 7. Nge2 Bg7 8. 0-0 Ne5 9. f4 Nxd3 10. Qxd3 Nf6 11. Kh1 0-0 12. Nd4 a6 13. f5 Nd7 14. Nf3 Nc5 15. Qc2 b6 16. Bd2 Bb7 17. Rae1 Qc7 18. Nd5 Bxd5 19. exd5 Bf6 20. b3 Rac8 21. Bg5 Nd7 22. Qd2 Rfe8 23. fxg6 hxg6 24. Nd4 Bxg5 25. Qxg5 Ne5 26. Qh6 Ng4 27. Qg5 Nf6 28. Rf3 Qd7 29. Rh3 Qg4 30. Qh6 Nh5 31. Nf3 f6 32. Nh4 Kf7 33. Qh7+ Ng7 0-1

[Event "Olsztyn op U18 blitz"]
[Site "Olsztyn"]
[Date "2013.08.04"]
[Round "22"]
[White "Starczewska, Dominika"]
[Black "Korpalska, Joanna"]
[Result "0-1"]
[WhiteElo "1680"]
[BlackElo "1680"]
[PlyCount "78"]
[EventDate "2013.08.03"]
[EventType "swiss (blitz)"]
[EventRounds "22"]
[EventCountry "POL"]
[SourceTitle "CBM 155 Extra"]
[Source "ChessBase"]
[SourceDate "2013.08.26"]
[SourceVersion "1"]
[SourceVersionDate "2013.08.26"]
[SourceQuality "1"]

1. f4 c5 2. g3 Nc6 3. Bg2 d5 4. Nf3 Nf6 5. 0-0 e6 6. d3 Bd6 7. c3 0-0 8. Qe1 Qb6 9. Kh1 Bd7 10. Nbd2 d4 11. Nc4 Qc7 12. Nxd6 Qxd6 13. Ng5 h6 14. Ne4 Nxe4 15. Bxe4 f5 16. Bg2 Rab8 17. e4 Ne7 18. e5 Qb6 19. c4 Bc6 20. Qe2 Qc7 21. a3 b5 22. b3 b4 23. axb4 Rxb4 24. Ba3 Rxb3 25. Bxc5 Bxg2+ 26. Qxg2 Qxc5 27. Qc2 Rfb8 28. Rab1 Rxb1 29. Rxb1 Rxb1+ 30. Qxb1 a5 31. Qb8+ Kh7 32. Qb3 Qb4 33. Qa2 a4 34. Qf2 Qc5 35. h3 a3 36. g4 Qa7 37. g5 a2 38. gxh6 gxh6 39. Qh4 a1Q+ 0-1

[Event "Olsztyn op U18 blitz"]
[Site "Olsztyn"]
[Date "2013.08.03"]
[Round "1"]
[White "Korpalska, Joanna"]
[Black "Wisniowska, Klaudia"]
[Result "1-0"]
[WhiteElo "1680"]
[BlackElo "2153"]
[PlyCount "81"]
[EventDate "2013.08.03"]
[EventType "swiss (blitz)"]
[EventRounds "22"]
[EventCountry "POL"]
[SourceTitle "CBM 155 Extra"]
[Source "ChessBase"]
[SourceDate "2013.08.26"]
[SourceVersion "1"]
[SourceVersionDate "2013.08.26"]
[SourceQuality "1"]

1. e4 c5 2. d4 g6 3. d5 d6 4. c4 Bg7 5. Nc3 Nf6 6. f4 0-0 7. Nf3 e6 8. Bd3 exd5 9. cxd5 b5 10. Bxb5 Qa5 11. Bd3 c4 12. Bc2 Na6 13. 0-0 Qb6+ 14. Kh1 Ng4 15. Qe2 Nb4 16. h3 Nxc2 17. Qxc2 Ne3 18. Bxe3 Qxe3 19. Qd2 Qc5 20. Rae1 f6 21. Nd4 Re8 22. Nc6 Qb6 23. Qe2 Bd7 24. Qxc4 Qxb2 25. Nb5 Bf8 26. Re2 a6 27. Rxb2 axb5 28. Qxb5 Bxc6 29. Qxc6 Rac8 30. Qb7 Rc4 31. Qd7 Rcxe4 32. Rb7 R4e7 33. Qc6 Re2 34. f5 g5 35. Rd7 h5 36. Qc7 R2e7 37. Rxe7 Rxe7 38. Qc8 Re5 39. Rb1 h4 40. Rb8 Re1+ 41. Kh2 1-0

[Event "Olsztyn op U18 blitz"]
[Site "Olsztyn"]
[Date "2013.08.03"]
[Round "10"]
[White "Tarnowska, Aleksandra"]
[Black "Korpalska, Joanna"]
[Result "1-0"]
[WhiteElo "1833"]
[BlackElo "1680"]
[PlyCount "83"]
[EventDate "2013.08.03"]
[EventType "swiss (blitz)"]
[EventRounds "22"]
[EventCountry "POL"]
[SourceTitle "CBM 155 Extra"]
[Source "ChessBase"]
[SourceDate "2013.08.26"]
[SourceVersion "1"]
[SourceVersionDate "2013.08.26"]
[SourceQuality "1"]

1. e4 e5 2. Nf3 Nc6 3. Bb5 f5 4. d4 fxe4 5. Nxe5 Nxe5 6. dxe5 c6 7. Bc4 d5 8. exd6 Nf6 9. Bf4 Bg4 10. Qd4 Qd7 11. Qe5+ Kd8 12. h3 Bf5 13. g4 Bxg4 14. hxg4 Nxg4 15. Qe6 Nf6 16. Qxd7+ Kxd7 17. Nc3 Bxd6 18. Rd1 Ne8 19. Nxe4 b5 20. Bb3 c5 21. Nxd6 c4 22. Bxc4 bxc4 23. Nf7+ Ke6 24. Nxh8 Nf6 25. Rd6+ Kf5 26. Bg3 Re8+ 27. Kd2 g6 28. Nf7 Re7 29. Nh6+ Kg5 30. Rc6 Rd7+ 31. Kc3 Ne4+ 32. Kxc4 Nxg3 33. fxg3 Rd2 34. Rc5+ Kf6 35. Kb3 Rg2 36. Rc6+ Kg5 37. Rc5+ Kf6 38. Ng4+ Kg7 39. Rc7+ Kf8 40. Rd1 Rxg3+ 41. Rd3 Rxg4 42. Rd8# 1-0

[Event "Olsztyn op U18 rapid"]
[Site "Olsztyn"]
[Date "2013.08.02"]
[Round "6"]
[White "Korpalska, Joanna"]
[Black "Rykala, Monika"]
[Result "1/2-1/2"]
[WhiteElo "1680"]
[BlackElo "1867"]
[PlyCount "69"]
[EventDate "2013.08.01"]
[EventType "swiss (rapid)"]
[EventRounds "11"]
[EventCountry "POL"]
[SourceTitle "CBM 155 Extra"]
[Source "ChessBase"]
[SourceDate "2013.08.26"]
[SourceVersion "1"]
[SourceVersionDate "2013.08.26"]
[SourceQuality "1"]

1. e4 c5 2. Nf3 Nf6 3. Nc3 Nc6 4. d4 d5 5. exd5 Nxd5 6. Nxd5 Qxd5 7. dxc5 Qxc5 8. Be2 Bg4 9. c3 e6 10. 0-0 Qb6 11. Qa4 Bxf3 12. Bxf3 Be7 13. Be3 Qc7 14. Rad1 0-0 15. Bxc6 bxc6 16. Rd4 Qb7 17. b3 Bf6 18. Rc4 Rfc8 19. Rd1 Qb5 20. Bxa7 Qxa4 21. Rxa4 Bxc3 22. Rd7 c5 23. Rc4 Bb4 24. g3 h6 25. Rf4 Rf8 26. a4 Rad8 27. Rc7 g5 28. Rc4 Rd3 29. Bxc5 Bxc5 30. R4xc5 Rxb3 31. a5 Ra3 32. Rb7 Ra8 33. Rcc7 Rf3 34. Rc5 Ra3 35. Rcc7 1/2-1/2

[Event "Olsztyn op U18 rapid"]
[Site "Olsztyn"]
[Date "2013.08.01"]
[Round "1"]
[White "Korpalska, Joanna"]
[Black "Wisniowska, Klaudia"]
[Result "1-0"]
[WhiteElo "1680"]
[BlackElo "2153"]
[PlyCount "159"]
[EventDate "2013.08.01"]
[EventType "swiss (rapid)"]
[EventRounds "11"]
[EventCountry "POL"]
[SourceTitle "CBM 155 Extra"]
[Source "ChessBase"]
[SourceDate "2013.08.26"]
[SourceVersion "1"]
[SourceVersionDate "2013.08.26"]
[SourceQuality "1"]

1. e4 c5 2. Nf3 d6 3. d4 cxd4 4. Nxd4 Nf6 5. Nc3 Nc6 6. Bg5 Bd7 7. f3 Rc8 8. Qd2 Qa5 9. Bxf6 gxf6 10. Nde2 h5 11. Nd5 Qxd2+ 12. Kxd2 Bh6+ 13. Kd1 f5 14. Ng3 fxe4 15. Nxe4 f5 16. Ng3 Bg7 17. c3 h4 18. Ne2 e6 19. Ndf4 Kf7 20. Kc2 Nb4+ 21. Kb3 Nc6 22. Rd1 d5 23. a3 Na5+ 24. Ka2 Ba4 25. Rd3 Bb3+ 26. Kb1 Bc4 27. Rd1 Rhd8 28. Nc1 b5 29. Bd3 Bxd3+ 30. Ncxd3 e5 31. Ne2 Nc4 32. g3 Ne3 33. Rde1 Nc4 34. Rd1 Bh6 35. f4 e4 36. Nb4 Ne3 37. Rd2 a5 38. Nc2 Ng4 39. Ned4 Kf6 40. Nxb5 Rb8 41. a4 Rbc8 42. Rhd1 h3 43. Rxd5 Rxd5 44. Rxd5 Nxh2 45. Rd6+ Kg7 46. Ne3 Rf8 47. Rd1 Nf3 48. Rh1 h2 49. Nf1 Rh8 50. Nd4 Nxd4 51. cxd4 Rd8 52. Rxh2 Rxd4 53. Ne3 Rd8 54. Nxf5+ Kg6 55. Nxh6 Rh8 56. Ng4 Rd8 57. Ne5+ Kf5 58. Kc2 Rc8+ 59. Kd2 Rb8 60. Kc2 Rc8+ 61. Kb3 Rb8+ 62. Ka3 Rg8 63. Rh5+ Ke6 64. g4 Kd5 65. Ng6+ Kd4 66. f5 e3 67. Rh2 Ke4 68. Kb3 Kf3 69. Ne5+ Ke4 70. Nd7 Kf3 71. Nf6 Rc8 72. g5 e2 73. Rxe2 Kxe2 74. g6 Rb8+ 75. Ka3 Rb7 76. Nh5 Kf3 77. g7 Rb8 78. f6 Kg4 79. f7 Kxh5 80. g8Q 1-0

[Event "POL-chT U19 1st League"]
[Site "Karpacz"]
[Date "2013.07.30"]
[Round "9"]
[White "Korpalska, Joanna"]
[Black "Mazur, Anna"]
[Result "1-0"]
[WhiteElo "1672"]
[BlackElo "1716"]
[PlyCount "85"]
[EventDate "2013.07.22"]
[EventType "team-tourn"]
[EventRounds "9"]
[EventCountry "POL"]
[SourceTitle "EXT 2014"]
[Source "ChessBase"]
[SourceDate "2013.11.20"]
[SourceVersion "1"]
[SourceVersionDate "2013.11.20"]
[SourceQuality "1"]
[WhiteTeam "Wroclaw MUKS MDK Srodmiescie U19"]
[BlackTeam "Katowice Hetman Szopienice U19"]
[WhiteTeamCountry "POL"]
[BlackTeamCountry "POL"]

1. e4 c5 2. Nf3 e6 3. d4 cxd4 4. Nxd4 a6 5. Bd3 g6 6. Nc3 Bg7 7. Be3 Nc6 8. Nb3 Nge7 9. 0-0 0-0 10. a4 b6 11. f4 d5 12. exd5 Nxd5 13. Nxd5 Qxd5 14. Bxb6 Bxb2 15. c4 Qd7 16. Rb1 Bg7 17. Kh1 Rb8 18. a5 Bb7 19. Nc5 Qe7 20. Nxb7 Rxb7 21. Qa4 Rc8 22. c5 Nb8 23. Be4 Rd7 24. c6 Nxc6 25. Bxc6 Rd3 26. Rfc1 h5 27. Be4 Rxc1+ 28. Rxc1 Rd7 29. h3 Qd6 30. Rc8+ Kh7 31. Qc4 Qd1+ 32. Kh2 Bh6 33. Be3 Qd6 34. Bf3 e5 35. Qc3 Bg7 36. Qc5 Qxc5 37. Rxc5 exf4 38. Bxf4 Rd4 39. Be5 Bxe5+ 40. Rxe5 Kg7 41. Rc5 Rd7 42. Rc6 Ra7 43. Be2 1-0

[Event "Wroclaw op-B 8th"]
[Site "Wroclaw"]
[Date "2013.07.02"]
[Round "2"]
[White "Stelmaszuk, Maciej"]
[Black "Korpalska, Joanna"]
[Result "1/2-1/2"]
[WhiteElo "1537"]
[BlackElo "1672"]
[PlyCount "87"]
[EventDate "2013.07.01"]
[EventType "swiss"]
[EventRounds "9"]
[EventCountry "POL"]
[SourceTitle "EXT 2014"]
[Source "ChessBase"]
[SourceDate "2013.11.20"]
[SourceVersion "1"]
[SourceVersionDate "2013.11.20"]
[SourceQuality "1"]

1. d4 d5 2. c4 e6 3. Nc3 c5 4. e3 Nf6 5. Nf3 Nc6 6. a3 cxd4 7. exd4 Be7 8. c5 0-0 9. Bd3 Re8 10. Bf4 Nh5 11. Bg3 Nxg3 12. hxg3 h6 13. b4 Bf8 14. Bb5 Bd7 15. 0-0 Qc7 16. Re1 Rad8 17. Rc1 g6 18. Bxc6 bxc6 19. Ne5 Bg7 20. Qd3 Rb8 21. Rb1 Bxe5 22. Rxe5 a5 23. Na4 axb4 24. axb4 Ra8 25. Nb6 Ra2 26. Qb3 Ra7 27. f4 Rb8 28. Re2 Be8 29. Ra2 Rbb7 30. Rba1 Rxa2 31. Qxa2 Rb8 32. Qb3 Qb7 33. Ra5 Qe7 34. Qa3 Qf6 35. Qe3 Qe7 36. Qe5 Rd8 37. Kf2 Kh7 38. Qe3 Rb8 39. Qe5 Rd8 40. Qe3 Rb8 41. Ra1 Rd8 42. Rh1 Qf6 43. Ra1 Qe7 44. Ra5 1/2-1/2

[Event "Wroclaw op-B 8th"]
[Site "Wroclaw"]
[Date "2013.07.01"]
[Round "1"]
[White "Korpalska, Joanna"]
[Black "Molenda, Mikolaj"]
[Result "1-0"]
[WhiteElo "1672"]
[BlackElo "1388"]
[PlyCount "53"]
[EventDate "2013.07.01"]
[EventType "swiss"]
[EventRounds "9"]
[EventCountry "POL"]
[SourceTitle "EXT 2014"]
[Source "ChessBase"]
[SourceDate "2013.11.20"]
[SourceVersion "1"]
[SourceVersionDate "2013.11.20"]
[SourceQuality "1"]

1. e4 c5 2. Nf3 e6 3. d4 cxd4 4. Nxd4 Nc6 5. Nc3 Qc7 6. Be3 a6 7. Qd2 Nf6 8. f3 Be7 9. 0-0-0 b5 10. g4 h6 11. h4 Bb7 12. Bd3 Nh7 13. g5 h5 14. Rhg1 g6 15. f4 Bc5 16. Nxe6 fxe6 17. Bxc5 d6 18. Be3 0-0 19. f5 exf5 20. exf5 gxf5 21. Be2 Rad8 22. Bxh5 Rd7 23. Nd5 Qd8 24. Bb6 Qc8 25. Nf6+ Nxf6 26. gxf6+ Kh8 27. f7 1-0

[Event "POL-ch U18 Girls"]
[Site "Szczyrk"]
[Date "2013.??.??"]
[Round "2"]
[White "Dziodzio, Angelika"]
[Black "Korpalska, Joanna"]
[Result "1-0"]
[WhiteElo "1901"]
[BlackElo "1695"]
[PlyCount "61"]
[EventDate "2013.03.17"]
[EventType "swiss"]
[EventRounds "9"]
[EventCountry "POL"]
[SourceTitle "CBM 153 Extra"]
[Source "ChessBase"]
[SourceDate "2013.04.22"]
[SourceVersion "1"]
[SourceVersionDate "2013.04.22"]
[SourceQuality "1"]

1. e4 e5 2. Nf3 Nf6 3. d4 Nxe4 4. Bd3 Nc6 5. Bxe4 d5 6. Bxh7 Rxh7 7. dxe5 Bg4 8. Bf4 g5 9. Bg3 Bxf3 10. Qxf3 Qd7 11. 0-0 Bg7 12. Re1 0-0-0 13. Qd3 Rh6 14. Na3 Qe6 15. Nb5 d4 16. Rad1 a6 17. Na3 Nxe5 18. Qd2 Qf5 19. b4 Ng4 20. f3 Ne5 21. b5 axb5 22. Rb1 Nc4 23. Nxc4 bxc4 24. Qb4 Rb6 25. Qxc4 Rc6 26. Qb3 Rb6 27. Qa4 Rxb1 28. Rxb1 b6 29. Rb5 Qe6 30. Qa8+ Kd7 31. Rd5+ 1-0

[Event "POL-ch U18 Girls"]
[Site "Szczyrk"]
[Date "2013.??.??"]
[Round "5"]
[White "Jacek, Roksana"]
[Black "Korpalska, Joanna"]
[Result "1-0"]
[WhiteElo "1864"]
[BlackElo "1695"]
[PlyCount "85"]
[EventDate "2013.03.17"]
[EventType "swiss"]
[EventRounds "9"]
[EventCountry "POL"]
[SourceTitle "CBM 153 Extra"]
[Source "ChessBase"]
[SourceDate "2013.04.22"]
[SourceVersion "1"]
[SourceVersionDate "2013.04.22"]
[SourceQuality "1"]

1. e4 e5 2. Nf3 Nc6 3. Bb5 a6 4. Ba4 Nf6 5. 0-0 b5 6. Bb3 Bc5 7. Nxe5 Nxe5 8. d4 Bxd4 9. Qxd4 d6 10. c3 Bb7 11. f3 h6 12. Re1 0-0 13. Nd2 Nh5 14. Nf1 Qh4 15. Be3 Nf4 16. Bxf4 Qxf4 17. Ng3 Rfe8 18. Rad1 Bc8 19. Bd5 c5 20. Qd2 Qxd2 21. Rxd2 Rb8 22. Bb3 Rb6 23. Red1 c4 24. Bc2 Rd8 25. Nf1 Kf8 26. Ne3 f6 27. Nd5 Rc6 28. a4 Nf7 29. Kf2 Be6 30. Nb4 Rb6 31. a5 Rb7 32. Nxa6 Ra7 33. Nb4 Bd7 34. a6 Rda8 35. f4 Bg4 36. Ra1 Be6 37. Ra5 Bd7 38. Bd1 Rb8 39. Bh5 Rb6 40. h3 Bc8 41. Bg4 Bb7 42. axb7 Rxa5 43. Nc6 1-0